000 00707nam a22002177a 4500
003 UA-OsUOA
001 73053
007 ta
008 20110210b un ||||| |||| 00| 0 ukr d
100 _aЗвірід Н.В.
090 _a330(477)
_bЗ-43
942 _cSA
040 _aUA-OsUOA
_bukr
_cUA-OsUOA
_dUA-OsUOA
245 _aКількісні методи аналізу впливу трудової міграції на соціально-економічний розвиток регіону
300 _aС.48-53
955 _a0
041 _aukr
080 _a330(477)
773 0 _w73048
_tСтатистика України
_dК.
_d2010
_g4
650 7 _a330 Економіка взагалі
_2UDC
999 _c359335
_d359335